|
|
|
|
| LEADER |
02585nam a2200661 i 4500 |
| 001 |
nkc20183037590 |
| 003 |
CZ PrNK |
| 005 |
20260302092728.0 |
| 007 |
ta |
| 008 |
180921s2018 xr a f 000 0 fre |
| 015 |
|
|
|a cnb003037590
|
| 020 |
|
|
|a 978-80-7599-006-8
|q (brožováno)
|
| 035 |
|
|
|a (OCoLC)1065741351
|
| 040 |
|
|
|a BOA001
|b cze
|e rda
|
| 041 |
1 |
|
|a fre
|a eng
|b eng
|h fre
|
| 043 |
|
|
|a ff-----
|
| 072 |
|
7 |
|a 811.133.1
|x Francouzština
|2 Konspekt
|9 11
|
| 080 |
|
|
|a 811.133.1
|2 MRF
|
| 080 |
|
|
|a 316.66-055.1/.3
|2 MRF
|
| 080 |
|
|
|a 81'2/'44
|2 MRF
|
| 080 |
|
|
|a 81'1:159.922.1-055.2
|2 MRF
|
| 080 |
|
|
|a 81'27
|2 MRF
|
| 080 |
|
|
|a 81'27/'28
|2 MRF
|
| 080 |
|
|
|a (100=133.1)
|2 MRF
|
| 080 |
|
|
|a (6-17)
|2 MRF
|
| 080 |
|
|
|a (048.8)
|2 MRF
|
| 100 |
1 |
|
|a Pleško, Martin,
|d 1988-
|7 ola2015882336
|4 aut
|
| 245 |
1 |
0 |
|a Quelle féminisation linguistique pour l'Afrique francophone? :
|b le cas du discours administratif en Algérie, au Maroc, en Mauritanie et en Tunisie /
|c Martin Pleško, Jan Holeš
|
| 250 |
|
|
|a 1ère édition
|
| 264 |
|
1 |
|a Ostrava :
|b University of Ostrava,
|c 2018
|
| 300 |
|
|
|a 134 stran :
|b ilustrace ;
|c 21 cm
|
| 336 |
|
|
|a text
|b txt
|2 rdacontent
|
| 337 |
|
|
|a bez média
|b n
|2 rdamedia
|
| 338 |
|
|
|a svazek
|b nc
|2 rdacarrier
|
| 500 |
|
|
|a 100 výtisků
|
| 504 |
|
|
|a Obsahuje bibliografii a bibliografické odkazy
|
| 546 |
|
|
|a Částečně souběžný anglický text, anglické resumé
|
| 650 |
0 |
7 |
|a francouzština
|7 ph135297
|z Afrika severní
|2 czenas
|
| 650 |
0 |
7 |
|a gender
|7 ph175751
|x jazykové aspekty
|2 czenas
|
| 650 |
0 |
7 |
|a feministická lingvistika
|7 ph120156
|z francouzsky mluvící země
|2 czenas
|
| 650 |
0 |
7 |
|a sociolingvistika
|7 ph125749
|z francouzsky mluvící země
|2 czenas
|
| 650 |
0 |
7 |
|a jazyková situace
|7 ph137615
|z francouzsky mluvící země
|2 czenas
|
| 650 |
0 |
9 |
|a French language
|z Africa, Northern
|2 eczenas
|
| 650 |
0 |
9 |
|a gender
|x linguistics aspects
|2 eczenas
|
| 650 |
0 |
9 |
|a feminist linguistics
|z French speaking countries
|2 eczenas
|
| 650 |
0 |
9 |
|a sociolinguistics
|z French speaking countries
|2 eczenas
|
| 650 |
0 |
9 |
|a language situation
|z French speaking countries
|2 eczenas
|
| 651 |
|
7 |
|a francouzsky mluvící země
|7 ge194602
|2 czenas
|
| 651 |
|
9 |
|a French speaking countries
|2 eczenas
|
| 655 |
|
7 |
|a monografie
|7 fd132842
|2 czenas
|
| 655 |
|
9 |
|a monographs
|2 eczenas
|
| 700 |
1 |
|
|a Holeš, Jan
|7 xx0018441
|4 aut
|
| 910 |
2 |
|
|a BOA001
|b 2-1411.992
|
| 928 |
9 |
|
|a Ostravská univerzita
|
| 990 |
|
|
|a BK
|
| 995 |
|
|
|a 01
|
| 991 |
|
|
|b 201810
|c NOV
|
| 996 |
6 |
|
|b 2610755507
|c 2-1411.992
|l MZK
|r Sklad / do 1 hodiny
|n 0
|p p.v.
|w 001688462
|u 000010
|a 1
|e BOA001
|j MZK50
|s P
|